000 00236nam a2200097Ia 4500
008 190216s9999||||xx |||||||||||||| ||und||
100 _aMinistry Information
245 0 _aHindi-Malavik Ji
260 _bPrabhakar Publications
942 _cBK
999 _c15378
_d15378